| 000 | 00653cam a2200229 4500 | ||
|---|---|---|---|
| 001 | J2374 | ||
| 008 | 090401t1994 xxu||||| |||| 00| 0 eng d | ||
| 035 | _a(Sirsi) u48749 | ||
| 041 | _aeng | ||
| 050 | _a350.713 | ||
| 110 |
_aCabinet Office Efficiency Unit _9282 |
||
| 245 | _aReview of the management of the government`s civil estate: an Efficiency Unit scrutiny. | ||
| 260 |
_aLondon _bCabinet Office _c1994 |
||
| 300 | _aiv,173p. ; 30cm. | ||
| 350 | _a0 | ||
| 650 | _aCIVIL ESTATE | ||
| 650 | _aGOVERNMENT BUILDINGS | ||
| 650 |
_aProperty management _96262 |
||
| 690 | _aCOMMERCIAL PROPERTY-MANAGEMENT | ||
| 942 | _n0 | ||
| 948 | _c04/03/1997 | ||
| 999 |
_c92400 _d92400 |
||